[Event "Challenge"]
[Site "http://www.queenalice.com/game.php?id=720499"]
[Date "2010.1.26"]
[Round "-"]
[White "pfunk339"]
[Black "jamesxirb"]
[Result "1-0"]
[WhiteElo "1492"]
[BlackElo "1075"]

1. e4 d5 2. d4 c6 3. Nc3 g6 4. Bf4 Nd7 5. exd5 c5 6. dxc5 Nxc5 7. Be5 f6 8. Bd4
e5 9. dxe6 Bxe6 10. Bb5+ Bd7 11. Nf3 Qe7+ 12. Be3 Rd8 13. Qe2 a6 14. Bxc5 axb5
15. Bxe7 Bxe7 16. Nd5 g5 17. Nd4 Bc6 18. Nxe7 Nxe7 19. Nf5 Rd7 20. Rd1 Kf7 21.
Rxd7 Bxd7 22. Nxe7 Re8 23. O-O Rh8 24. Nd5 Re8 25. Qh5+ Ke6 26. Re1+ Kxd5 27.
Rxe8 Bxe8 28. Qxe8 b4 29. Qb5+ Ke6 30. Qxb4 h5 31. Qxb7 f5 32. c4 h4 33. Qd5+
Kf6 34. f3 f4 35. g4 h3 36. Qf5+ Ke7 37. c5 Kd8 38. c6 Ke7 39. c7 Ke8 40. c8=Q+
Ke7 41. Qfe6# 1-0

[Event "Challenge"]
[Site "http://www.queenalice.com/game.php?id=721050"]
[Date "2010.1.27"]
[Round "-"]
[White "pfunk339"]
[Black "rconley23"]
[Result "1-0"]
[WhiteElo "1496"]
[BlackElo "1101"]

1. e4 e5 2. d4 Nf6 3. Nc3 d5 4. Nf3 Nc6 5. Bg5 Nb4 6. dxe5 dxe4 7. Qxd8+ Kxd8 8.
O-O-O+ Bd7 9. exf6 gxf6 10. Bxf6+ Be7 11. Bxh8 Nxa2+ 12. Nxa2 exf3 13. gxf3 Bg5+
14. Kb1 Ke8 15. Re1+ Be6 16. Rg1 h5 17. Rxg5 f6 18. Bxf6 h4 19. Rg8+ Kd7 20.
Rd8+ Kc6 21. Rxa8 Bd5 22. Nb4+ Kb6 23. Nxd5+ Ka5 24. Rxa7# 1-0

[Event "Challenge"]
[Site "http://www.queenalice.com/game.php?id=721361"]
[Date "2010.1.27"]
[Round "-"]
[White "DC"]
[Black "pfunk339"]
[Result "1-0"]
[WhiteElo "1719"]
[BlackElo "1231"]

1. e4 Nc6 2. d4 Nf6 3. f3 d5 4. Nc3 b6 5. Bf4 Qd7 6. Nb5 Rb8 7. Nxc7+ Kd8 8. Nb5
Rb7 9. Nc3 e6 10. e5 Nh5 11. Be3 Be7 12. Bb5 Rb8 13. g4 Nf6 14. exf6 Bxf6 15.
Qd2 a6 16. Bxc6 Qxc6 17. O-O-O Qc4 18. b3 Qb4 19. Kb2 Bd7 20. Nh3 Rc8 21. Ng5
Ke7 22. Nxd5+ 1-0

[Event "Challenge"]
[Site "http://www.queenalice.com/game.php?id=722467"]
[Date "2010.1.29"]
[Round "-"]
[White "pfunk339"]
[Black "rconley23"]
[Result "1-0"]
[WhiteElo "1196"]
[BlackElo "1137"]

1. e4 e5 2. Nf3 Nc6 3. c4 Nf6 4. d4 exd4 5. Nxd4 Nb4 6. Be2 Nxe4 7. O-O d5 8.
Nc3 Bc5 9. Bf4 O-O 10. Ndb5 Bf5 11. Nxd5 Nd2 12. Qxd2 c6 13. Rad1 Be4 14. Nbc3
Bf5 15. Bc7 Qe8 16. Be5 Rd8 17. Qg5 cxd5 18. Qxg7# 1-0

[Event "Challenge"]
[Site "http://www.queenalice.com/game.php?id=724376"]
[Date "2010.2.2"]
[Round "-"]
[White "pfunk339"]
[Black "cyrano"]
[Result "0-1"]
[WhiteElo "1227"]
[BlackElo "1526"]

1. e4 e5 2. c4 c5 3. Nf3 d6 4. Nc3 a6 5. a3 b5 6. b4 bxc4 7. Nd5 f5 8. d3 Nc6 9.
Bg5 Be7 10. h4 fxe4 11. dxe4 Bg4 12. Qa4 Bd7 13. Bxc4 Bxg5 14. hxg5 h6 15. g6
Nd4 16. Qd1 cxb4 17. Nxd4 exd4 18. Qxd4 Ne7 19. Nf6+ gxf6 20. Qxf6 Bc6 21. Qxh8+
Kd7 22. Qxd8+ Rxd8 23. axb4 Nxg6 24. Rxh6 Nf4 25. O-O-O Rc8 26. Rhxd6+ Kc7 27.
g3 Nh3 28. Be6 Re8 29. Bxh3 Rxe4 30. Bg2 Rc4+ 31. Kb2 Bxg2 32. Kb3 Rc6 33. Rxc6+
Kxc6 34. f4 Bd5+ 35. Rxd5 Kxd5 36. b5 axb5 37. Kb4 Ke6 38. Kxb5 Kf5 39. Kc4 Kg4
40. Kd4 Kxg3 41. f5 Kg4 42. f6 Kf5 43. f7 Kf6 44. f8=Q+ Ke6 45. Qd8 Kf5 46. Qd5+
Kf6 47. Qe5+ Kg6 0-1

[Event "AUTO-INT-1597"]
[Site "http://www.queenalice.com/game.php?id=724495"]
[Date "2010.2.2"]
[Round "1"]
[White "giraldes"]
[Black "pfunk339"]
[Result "1-0"]
[WhiteElo "1579"]
[BlackElo "1438"]

1. d4 Nf6 2. Bg5 e6 3. Nc3 d5 4. e3 Nbd7 5. Bb5 a6 6. Bxd7+ Bxd7 7. Nf3 Bd6 8.
Qd3 e5 9. dxe5 Bxe5 10. Nxe5 Be6 11. O-O-O 1-0

[Event "Challenge"]
[Site "http://www.queenalice.com/game.php?id=725111"]
[Date "2010.2.3"]
[Round "-"]
[White "pfunk339"]
[Black "jamesxirb"]
[Result "1-0"]
[WhiteElo "1468"]
[BlackElo "1068"]

1. e4 Nf6 2. Nf3 Nxe4 3. d3 Nc5 4. Be3 b6 5. d4 Ne4 6. Nc3 d5 7. Bd3 Nf6 8. Qd2
g6 9. O-O-O Bg7 10. Rhe1 O-O 11. Bh6 Nh5 12. g4 f6 13. gxh5 gxh5 14. Rg1 Bg4 15.
Rg3 Qd6 16. Rdg1 Qe6 17. Bxg7 Kxg7 18. Qe3 Kf7 19. Qh6 Rg8 20. Bxh7 Rg7 21. Re1
Qc8 22. Rxe7+ Kxe7 23. Qxg7+ Kd6 24. Ne4+ Kc6 25. Qxf6+ Kb7 26. Ne5 c5 27. Nd6+
Kc7 28. Nb5+ Kb7 29. Ra3 a6 30. Bd3 c4 31. Nd6+ Kc7 32. Bf5 Bxf5 33. Nxf5 a5 34.
Qc6+ Nxc6 35. Rf3 Nb4 36. Ne7 Qe8 37. Rf7 Qg8 38. Nxg8+ Kd6 39. Nh6 Nxa2+ 40.
Kb1 Nb4 41. Nf5+ Ke6 42. f4 c3 43. Nh6 Rc8 44. Rd7 cxb2 45. c3 Rxc3 46. h4 Rc1+
47. Kxb2 Nd3+ 48. Kb3 Rb1+ 49. Kc2 Rb2+ 50. Kxd3 b5 51. f5+ Kf6 52. Rf7# 1-0

[Event "Challenge"]
[Site "http://www.queenalice.com/game.php?id=727110"]
[Date "2010.2.6"]
[Round "-"]
[White "Mamonas"]
[Black "pfunk339"]
[Result "1-0"]
[WhiteElo "1427"]
[BlackElo "1410"]

1. e4 e5 2. Nf3 d5 3. Nxe5 Nc6 4. Nxc6 bxc6 5. exd5 cxd5 6. g3 Nf6 7. Bg2 Bb7 8.
c4 Bc5 9. d4 Bb4+ 10. Bd2 Qd6 11. Bxd5 Nxd5 12. cxd5 Bxd5 13. f3 c5 14. Bxb4
cxb4 15. O-O O-O 16. a3 1-0

[Event "Challenge"]
[Site "http://www.queenalice.com/game.php?id=727112"]
[Date "2010.2.6"]
[Round "-"]
[White "pfunk339"]
[Black "Mamonas"]
[Result "0-1"]
[WhiteElo "1395"]
[BlackElo "1442"]

1. e4 e5 2. Nf3 Nf6 3. Nc3 Nc6 4. d4 exd4 5. Nxd4 Nxd4 6. Qxd4 b6 7. Bc4 Bc5 8.
Qe5+ Kf8 9. O-O Ng4 10. Qg3 d6 11. Be3 Nxe3 12. fxe3 Qf6 0-1